Nba draft - Statistics

General Stats
  • This quiz has been taken 901 times
  • The average score is 13 of 15
Answer Stats
Hint Answer % Correct
Derrick Rose Bulls
99%
Stephen Curry Warriors
99%
Dwayne Wade Heat
97%
James Harden Thunder
97%
Chris Bosh Raptors
95%
John Wall Wizards
94%
Lebron James Cavaliers
93%
Blake Griffin Clippers
93%
Kobe Bryant Hornets
93%
Demarcus Cousins Kings
92%
Carmelo Anthony Nuggets
91%
Kevin Durant Supersonics
91%
Al Horford Hawks
80%
Kyle Lowry Grizzlies
59%
Nerleans Noel Pelicans
47%
No matching quizzes found
Score Distribution
Percent of People with Each Score
Percentile by Number Answered
Your Score History
You have not taken this quiz